| 000 | 01077nam a2200265 a 4500 | ||
|---|---|---|---|
| 001 | BRCA_1679 | ||
| 005 | 20190320203514.0 | ||
| 008 | 980112s1998 dcua---##b---#001-0#eng-# | ||
| 020 | _a1560985720 | ||
| 040 |
_aDLC _cDLC _dDLC |
||
| 050 | 4 |
_aND1807 _b.F47 1998 |
|
| 100 | 1 |
_aFerber, Linda S. _95239 |
|
| 245 | 1 | 0 |
_aMasters of Color and Light _bHomer, Sargent, and the American Watercolor Movement _cLinda S. Ferber and Barbara Dayer Gallati. |
| 260 |
_aWashington _bThe Brooklyn Museum of Art : Smithsonian Institution _cc1998 |
||
| 300 |
_axiii, 223 p. _bil. (algunas a color) _c28 cm. |
||
| 500 | _aIncluye índice alfabético | ||
| 504 | _aIncluye referencias bibliográficas | ||
| 600 | 1 | 4 |
_aHomer, Winslow _d1836-1910 _vExposiciones _95240 |
| 600 | 1 | 4 |
_aSargent, John Singer _d1856-1925 _vExposiciones _95241 |
| 610 | 2 | 4 |
_aBrooklyn Museum of Art (Nueva York) _vExposiciones _95242 |
| 650 | 1 | 4 |
_aAcuarelas americanas _vExposiciones _ySiglo XIX _95243 |
| 650 | 1 | 4 |
_aAcuarelas _vExposiciones _zNueva York (Estado) _95244 |
| 700 | 1 |
_aGallati, Barbara Dayer _95245 |
|
| 942 |
_2lcc _cB |
||
| 999 |
_c1473 _d1473 |
||